Normal view
MARC view
Entry Personal Name
001 - CONTROL NUMBER
- control field: 36969
003 - CONTROL NUMBER IDENTIFIER
- control field: ARRUPE
005 - DATE AND TIME OF LATEST TRANSACTION
- control field: 20171010120401.0
008 - FIXED-LENGTH DATA ELEMENTS
- fixed length control field: 171010|| aca||aabn | a|a d
040 ## - CATALOGING SOURCE
- Original cataloging agency: ARRUPE
- Transcribing agency: ARRUPE
100 ## - HEADING--PERSONAL NAME
- Personal name: Dale, Peter (ed.)
670 ## - SOURCE DATA FOUND
- Source citation: Work cat.: (ARRUPE)0: Villon, François, 1431-1463. 36967, Selected poems , 1978.